|
|
|
|
| LEADER |
02940nam a2200505 4500 |
| 001 |
ocn844215178 |
| 003 |
OCoLC |
| 005 |
20170124070458.3 |
| 006 |
m o d |
| 007 |
cr cnu|||unuuu |
| 008 |
130523s2013 gw ob 001 0 ger d |
| 040 |
|
|
|a DG1
|b eng
|c DG1
|d CUI
|d CUS
|d CUI
|d YDXCP
|d OCLCQ
|d DG1
|d GrThAP
|
| 019 |
|
|
|a 902949086
|
| 020 |
|
|
|a 9783433602591
|q (electronic bk.)
|
| 020 |
|
|
|a 343360259X
|q (electronic bk.)
|
| 020 |
|
|
|z 9783433030004
|q (print)
|
| 029 |
1 |
|
|a AU@
|b 000051628968
|
| 029 |
1 |
|
|a GBVCP
|b 79020794X
|
| 029 |
1 |
|
|a NZ1
|b 15341908
|
| 035 |
|
|
|a (OCoLC)844215178
|z (OCoLC)902949086
|
| 050 |
|
4 |
|a TA633
|b .B48 2013
|
| 082 |
0 |
4 |
|a 624.1
|2 23
|
| 049 |
|
|
|a MAIN
|
| 245 |
0 |
0 |
|a 2013 Beton Kalender :
|b Lebensdauer und Instandsetzung, Brandschutz /
|c herausgegeben von Konrad Bergmeister, Frank Fingerloos, Johann-Dietrich Wörner.
|
| 246 |
3 |
|
|a Beton-Kalender 2013
|
| 264 |
|
1 |
|a Berlin :
|b Ernst & Sohn,
|c [2013]
|
| 264 |
|
4 |
|c ©2013
|
| 300 |
|
|
|a 1 online resource (2 volumes)
|
| 336 |
|
|
|a text
|b txt
|2 rdacontent
|
| 337 |
|
|
|a computer
|b c
|2 rdamedia
|
| 338 |
|
|
|a online resource
|b cr
|2 rdacarrier
|
| 500 |
|
|
|a "102. Jahrgang."
|
| 504 |
|
|
|a Includes bibliographical references and index.
|
| 505 |
0 |
|
|a Sicherheit, Risikoakzeptanz, Nutzungs-, Lebensdauer und das richtige Maß / Johann-Dietrich Worner, Konrad Bergmeister -- Lebensdauerorientierter Entwurf, Konstruktion, Nachrechnung / Mark Alexander Ahrens, Alfred Strauss, Konrad Bergmeister, Peter Mark, Friedhelm Stangenberg -- Lebensdauer von Stahlbetonbauteilen-Empfehlungen fur eine modifizierte deskriptive Bemessung / Christoph Gehlen, Stefanie von Greve-Dierfeld -- Die Nachrechnung von bestehenden Strassenbrucken aus Beton / Gero Marzahn, Reinhard Maurer, Konrad Zilch, Daniel Dunkelberg, Agnieszka Kolodziejczyk -- Instandsetzung von Betontragwerken / Michael Kuchler -- Geklebte Verstarkung mit CFK-Lamellen und Stahllaschen / Konrad Zilch, Roland Niedermeier, Wolfgang Finckh -- Konstruktiver Brandschutz nach den Eurocodes / Dietmar Hosser, Ekkehard Richter, Bjorn Kampmeier -- Sicherheit und Brandschutz im Tunnelbau / Konrad Bergmeister -- Ultrahochfester Beton UHPC / Ekkehard Fehling, Michael Schmidt, Joost Walraven, Torsten Leutbecher, Susanne Frohlich -- Holz-Beton-Verbund / Klaus Holschemacher, Ricky Selle, Jorg Schmidt, Hubertus Kieslich -- Normen und Regelwerke / Frank Fingerloos -- Stichwortverzeichnis.
|
| 588 |
0 |
|
|a Online resource; title from PDF title page (Wiley, viewed on May 23, 2013).
|
| 650 |
|
0 |
|a Structural engineering.
|
| 650 |
|
0 |
|a Concrete construction.
|
| 650 |
|
0 |
|a Concrete construction
|x Fires and fire prevention.
|
| 650 |
|
0 |
|a Fire protection engineering.
|
| 655 |
|
4 |
|a Electronic books.
|
| 700 |
1 |
|
|a Bergmeister, Konrad.
|
| 700 |
1 |
|
|a Fingerloos, Frank.
|
| 700 |
1 |
|
|a Wörner, Johann Dietrich.
|
| 856 |
4 |
0 |
|u https://doi.org/10.1002/9783433602591
|z Full Text via HEAL-Link
|
| 994 |
|
|
|a 92
|b DG1
|